|
|
|
|
| LEADER |
00000nab a2200000 a 4500 |
| 001 |
vtls008836144 |
| 003 |
SK-MaSNL |
| 005 |
20260304135308.0 |
| 008 |
250505c2006 xo qr p 000 c0slo |
| 015 |
|
|
|a SNBRB2006/08
|
| 035 |
|
|
|a (uuid)55ab9ed7-9a88-4e5a-a4a2-a14a61e004bd
|
| 035 |
|
|
|a urn:nbn:sk:snk-abc0mf
|
| 035 |
|
|
|a (urnnbn)urn:nbn:sk:snk:ar-00106g
|
| 038 |
|
|
|a SVKPOCL
|
| 040 |
|
|
|a SNKBUCL
|b slo
|c SNKBUCL
|e AACR2
|
| 041 |
0 |
|
|a ukr
|
| 044 |
|
|
|a xo
|c SK
|
| 080 |
|
|
|a 82.033:821.161.2 (437.6)-1=161.2
|2 2001
|
| 080 |
|
|
|a 821.161.2 (437.6)-1=161.2
|2 2001
|
| 100 |
1 |
|
|a Bača, Juraj,
|d 1932-2021
|4 aut
|9 207872
|
| 245 |
1 |
0 |
|a Poezija nedokinčenoho virša
|b (pro poeziju vzahali ta poeziju Josyfa Zbihleja zokrema)
|c Jurij Bača
|
| 500 |
|
|
|a Obsahuje aj analýzu básní
|
| 600 |
1 |
7 |
|a Zbihlej, Jozef,
|d 1938-2019
|2 snkbucl
|9 109110
|
| 650 |
0 |
7 |
|a ukrajinská poézia
|2 svkpocl
|9 59029
|
| 655 |
|
7 |
|a analýzy
|2 svkpocl
|9 22242
|
| 773 |
0 |
|
|t Duklja
|g Rič. 54 , No 2 (2006), s. 83-90
|
| 850 |
|
|
|a Slovenská národná knižnica
|
| 852 |
|
|
|a Slovenská národná knižnica
|
| 958 |
|
|
|a article15
|
| 958 |
|
|
|a UK
|
| 958 |
|
|
|a LX
|
| 958 |
|
|
|a SK
|
| 958 |
|
|
|a OND
|
| 958 |
|
|
|a EUIPO
|
| 999 |
|
|
|c 2910139
|d 2912069
|